00550nam a2200181 a 4500008004100000020002200041100001800063245008400081260003500165300001300200300003200213440003500245500002000280504004100300003000100341005001700342040000900359  a8185386633 (pbk.)1 aSandage, C.H.10aAdvertising theory and practice /cC. H. Sandage, Vernon Fryburger, Kim Rotzoll aNew Delhi :bA.I.T.B.S.,c2000 a11th ed. axv, 509 p. :bill. ;24 cm. aThe Irwin Series in marketing. aIncludes index. aIncludes bibliographical references.20230123133602.0 cNUST